000 00550nam a2200205Ia 4500
001 15937
003 GE_BSU
008 181216s||||||||xx |||||||||||||| ||und||
040 _cGE_BSU
080 _a821.353.1-1
100 _aხოშტარია, ილია
245 _aლექსები
245 _cრედ.კ.ჭიჭინაძე.
260 _aთბილისი
260 _bსაბჭ. მწერალი
260 _c1945
300 _a32გვ. ; 18სმ
653 _aლექსები
942 _cBK
999 _c49032
_d49032